000 00331nam a2200109 4500
999 _c14011
_d14011
008 190729b ||||| |||| 00| 0 eng d
245 _aAmnesty: human rights in HK 'deteriorating severely'.
260 _aPhilippines:
_bPhilippine Daily Inquirer;
_cc2019.
300 _apage A15.
650 0 _938987
_aHuman rights.
942 _2ddc
_cPER